000 00331 a2200145 4500
001 156818
040 _cEscola São Tomás de Aquino
100 _aJOSÉ, Elias
240 1 0 _aPoesia é fruta doce e gostosa
_lpor
245 1 0 _aPoesia é fruta doce e gostosa
300 _a55
362 0 _a2006
697 _aPoesia
942 _cBK
999 _c156818
_d156818